Handcrafted Playgrounds: (Record no. 13471)

MARC details
000 -CABECERA
campo de control de longitud fija 00747nam a2200241 4500
003 - IDENTIFICADOR DEL NÚMERO DE CONTROL
campo de control OSt
005 - FECHA Y HORA DE LA ÚLTIMA TRANSACCIÓN
campo de control 20260530115313.0
008 - DATOS DE LONGITUD FIJA--INFORMACIÓN GENERAL
campo de control de longitud fija 260506b1975 |||a|||| |||| 00| 0 eng d
020 ## - NÚMERO INTERNACIONAL ESTÁNDAR DEL LIBRO
Número Internacional Estándar del Libro 0394715306
040 ## - FUENTE DE LA CATALOGACIÓN
Centro catalogador/agencia de origen ICI
Lengua de catalogación spa
Centro/agencia transcriptor ICI
050 ## - SIGNATURA TOPOGRÁFICA DE LA BIBLIOTECA DEL CONGRESO
Número de clasificación GV425
Número de documento/Ítem F74
100 1# - ENTRADA PRINCIPAL--NOMBRE DE PERSONA
Nombre de persona Paul Friedberg, M.
9 (RLIN) 33195
245 10 - MENCIÓN DE TÍTULO
Título Handcrafted Playgrounds:
Resto del título Designs you can build yourself
Mención de responsabilidad, etc. M. Paul Friedberg
264 #1 - PRODUCCIÓN, PUBLICACIÓN, DISTRIBUCIÓN, FABRICACIÓN Y COPYRIGHT
Nombre del de productor, editor, distribuidor, fabricante Vintage Books
Fecha de producción, publicación, distribución, fabricación o copyright 1975
Producción, publicación, distribución, fabricación y copyright Estados Unidos
300 ## - DESCRIPCIÓN FÍSICA
Extensión 123 páginas
336 ## - TIPO DE CONTENIDO
Término de tipo de contenido texto
Fuente rdacontent
337 ## - TIPO DE MEDIO
Nombre/término del tipo de medio sin medio
Fuente rdamedia
338 ## - TIPO DE SOPORTE
Nombre/término del tipo de soporte volumen
Fuente rdacarrier
650 ## - PUNTO DE ACCESO ADICIONAL DE MATERIA--TÉRMINO DE MATERIA
Término de materia o nombre geográfico como elemento de entrada arques infantiles
Subdivisión general Diseño y construcción
9 (RLIN) 33196
650 ## - PUNTO DE ACCESO ADICIONAL DE MATERIA--TÉRMINO DE MATERIA
Término de materia o nombre geográfico como elemento de entrada Áreas de juego para niños
9 (RLIN) 33197
650 ## - PUNTO DE ACCESO ADICIONAL DE MATERIA--TÉRMINO DE MATERIA
Término de materia o nombre geográfico como elemento de entrada Recreación infantil
9 (RLIN) 33198
942 ## - ELEMENTOS DE PUNTO DE ACCESO ADICIONAL (KOHA)
Fuente del sistema de clasificación o colocación Dewey Decimal Classification
Tipo de ítem Koha
Suprimir en OPAC 1

No items available.